00395nam a2200157Ia 4500008004100000020001800041082001300059100002300072245003600095250000600131260001900137300001800156500002600174650001200200700002500212230524s9999 xx 000 0 und d a9789332584754 a530bMAH aLaxmidhar Maharana 0aLectures on Engineering Physics a1 aNoidabPearson a"xiv,11-16p;" aQuantity Number: 150 aPhysics aPrafulla Kumar Panda